| 000 | 00429nam a2200133Ia 4500 | ||
|---|---|---|---|
| 008 | 210430s9999 xx 000 0 und d | ||
| 020 | _a9780824719722 (hardcover) | 97 | ||
| 082 | _a660.2842 K421 M | ||
| 245 | _aMomentum, heat, and mass transfer fundamentals / | ||
| 260 |
_a[S.l.] : _bCRC Press, _c1999 |
||
| 300 | _a1048 p. ; | ||
| 856 | _uhttp://www.amazon.com/exec/obidos/ASIN/0824719727/chopaconline-20 | ||
| 942 |
_cBK _2ddc |
||
| 999 |
_c562517 _d562517 |
||